Reglamento / Sindicato Agrícola Popular. Nulles
Descripción Física:
31 p. ; 15,5 cm
Materias:
Sindicato Agrícola Popular. Nulles
MARC
| LEADER | 00000nam a2200000Ia 4500 | ||
|---|---|---|---|
| 001 | 17303 | ||
| 008 | 160829s1920 xx 000 0 cat d | ||
| 080 | |a R-304, exp. 39, XXXIII | ||
| 100 | |a Sindicato Agrícola Popular. Nulles |9 36737 | ||
| 245 | |a Reglamento / Sindicato Agrícola Popular. Nulles | ||
| 260 | |a Valls : |b Imp. E. Castells, |c 1920 | ||
| 300 | |a 31 p. ; |c 15,5 cm | ||
| 650 | |a Sindicato Agrícola Popular. Nulles |9 36737 | ||
| 901 | |a Arxiu | ||
| 942 | |n 1 | ||
| 952 | |0 0 |1 0 |4 0 |6 R304_EXP_39_XXXIII |7 1 |9 47469 |a Arxiu |b Arxiu |d 2016-12-01 |l 0 |o R-304, exp. 39, XXXIII |p 17303 |r 2016-12-01 00:00:00 |w 2016-12-01 |y ARXIU | ||
| 999 | |c 51267 |d 51267 | ||